| 000 | nam a22 7a 4500 | ||
|---|---|---|---|
| 999 |
_c30483 _d30483 |
||
| 008 | 190715b xxu||||| |||| 00| 0 eng d | ||
| 020 | _a9966445145 | ||
| 050 | _aQC 23 .K53 2014 | ||
| 245 |
_aSecondary physics form one/ _cKenya literature bureau. |
||
| 250 | _a4th ed. | ||
| 260 |
_aNairobi: _bKenya literature bureau, _c2014. |
||
| 300 |
_ax, 236 p. : _bill.; _c17 cm. |
||
| 504 | _aIncludes index. | ||
| 650 | _aPhysics. | ||
| 942 |
_2lcc _cBOOKS _hQC 23 .K53 2014 |
||